[Event "4NCL/Div1/BAR2 vs. BAR1"]
[Site "Birmingham ENG"]
[Date "2001.09.22"]
[Round "1.2"]
[White "Kelly, Brian"]
[Black "Hodgson, John H"]
[Result "1/2-1/2"]
[WhiteElo "2458"]
[BlackElo "2297"]
[PlyCount "83"]
[EventDate "2001.09.22"]
[SourceDate "2001.01.01"]

1. d4 Nf6 2. c4 g6 3. Nc3 d5 4. Nf3 Bg7 5. Bg5 Ne4 6. cxd5 Nxg5 7. Nxg5 e6 8.
Nf3 exd5 9. e3 a5 10. Be2 O-O 11. O-O Re8 12. a3 Bf8 13. Qc2 c6 14. Rfe1 Bf5
15. Bd3 Bxd3 16. Qxd3 f5 17. Ne5 Bd6 18. f4 Nd7 19. Rad1 Nf6 20. Qc2 Qe7 21. h3
Kg7 22. Rf1 Rf8 23. Rd2 Rad8 24. Qa4 Ra8 25. Qd1 Rad8 26. Qf3 Ne4 27. Rc2 Rde8
28. g4 Nxc3 29. Rxc3 Rd8 30. Rc2 Bxe5 31. fxe5 fxg4 32. Qxg4 Rxf1+ 33. Kxf1 h5
34. Qg3 Rf8+ 35. Rf2 Rxf2+ 36. Kxf2 Qf7+ 37. Ke2 Qf5 38. h4 Qc2+ 39. Kf3 Qe4+
40. Ke2 Qc2+ 41. Kf3 Qe4+ 42. Ke2 1/2-1/2

[Event "4NCL/Div1/BAR2 vs. BAR1"]
[Site "Birmingham ENG"]
[Date "2001.09.22"]
[Round "1.3"]
[White "Berry, Neil"]
[Black "Crouch, Colin S"]
[Result "0-1"]
[WhiteElo "2256"]
[BlackElo "2407"]
[PlyCount "62"]
[EventDate "2001.09.22"]
[SourceDate "2001.01.01"]

1. d4 Nf6 2. c4 e6 3. Nc3 Bb4 4. e3 b6 5. Nge2 Bb7 6. a3 Bxc3+ 7. Nxc3 Ne4 8.
Qc2 f5 9. b4 O-O 10. Bb2 Qg5 11. O-O-O a5 12. b5 d6 13. h4 Qh6 14. Kb1 Nd7 15.
Rh3 Rac8 16. f3 Nxc3+ 17. Qxc3 c6 18. bxc6 Bxc6 19. Qb3 b5 20. d5 bxc4 21. Bxc4
Ba4 22. Qxa4 Nb6 23. Qb3 Nxc4 24. Ka2 a4 25. Qd3 Nxb2 26. Kxb2 Rb8+ 27. Ka2 Rb3
28. Qd4 Rfb8 29. Rd2 e5 30. Qxa4 Qxe3 31. Rc2 Qd3 0-1

[Event "4NCL/Div1/BAR2 vs. BAR1"]
[Site "Birmingham ENG"]
[Date "2001.09.22"]
[Round "1.4"]
[White "Collinson, Adam"]
[Black "Trent, Lawrence"]
[Result "1/2-1/2"]
[WhiteElo "2405"]
[BlackElo "2249"]
[PlyCount "36"]
[EventDate "2001.09.22"]
[SourceDate "2001.01.01"]

1. e4 e5 2. Nf3 Nc6 3. Nc3 Nf6 4. Bb5 Bc5 5. O-O O-O 6. Nxe5 Nxe5 7. d4 Bd6 8.
f4 Nc6 9. e5 Be7 10. d5 Nb4 11. exf6 Bxf6 12. a3 Bxc3 13. bxc3 Nxd5 14. Qxd5 c6
15. Qd3 cxb5 16. f5 f6 17. Qxb5 d5 18. Rd1 Qb6+ 1/2-1/2

[Event "4NCL/Div1/BAR2 vs. BAR1"]
[Site "Birmingham ENG"]
[Date "2001.09.22"]
[Round "1.5"]
[White "Coleman, David"]
[Black "Knott, Simon"]
[Result "1-0"]
[WhiteElo "2234"]
[BlackElo "2373"]
[PlyCount "85"]
[EventDate "2001.09.22"]
[SourceDate "2001.01.01"]

1. e4 e6 2. d4 d5 3. Nc3 Bb4 4. e5 c5 5. a3 Bxc3+ 6. bxc3 Nc6 7. Qg4 g6 8. Nf3
f5 9. exf6 Nxf6 10. Qh4 O-O 11. Be2 Ne4 12. Qxd8 Rxd8 13. Bb2 c4 14. Nd2 Nxd2
15. Kxd2 e5 16. dxe5 Nxe5 17. h3 g5 18. Rae1 Rf8 19. Rhf1 Bf5 20. Bh5 Ng6 21.
Bxg6 Bxg6 22. Re5 h6 23. f3 Rad8 24. Rfe1 b5 25. Re6 Kg7 26. Ra6 Rd7 27. a4 Re8
28. Rxg6+ Kxg6 29. Rxe8 bxa4 30. Re6+ Kh7 31. Ba3 Rb7 32. Re7+ Rxe7 33. Bxe7
Kg6 34. Ke3 Kf7 35. Bc5 Ke6 36. Kd4 h5 37. g4 hxg4 38. hxg4 a6 39. Ba3 a5 40.
Bc5 a3 41. Bxa3 a4 42. Bc5 a3 43. Bxa3 1-0

[Event "4NCL/Div1/BAR2 vs. BAR1"]
[Site "Birmingham ENG"]
[Date "2001.09.22"]
[Round "1.6"]
[White "Dishman, Stephen"]
[Black "Twyble, Michael S"]
[Result "1/2-1/2"]
[WhiteElo "2347"]
[BlackElo "2234"]
[PlyCount "37"]
[EventDate "2001.09.22"]
[SourceDate "2001.01.01"]

1. d4 d5 2. Nf3 Bf5 3. c4 e6 4. Nc3 Nc6 5. Bf4 Nf6 6. e3 Bb4 7. Qb3 O-O 8. Bg5
a5 9. a3 a4 10. Qd1 Bxc3+ 11. bxc3 Na5 12. Bxf6 Qxf6 13. Ne5 Rfd8 14. c5 b6 15.
c6 Qe7 16. Bb5 f6 17. Nd3 Bxd3 18. Qxd3 Qd6 19. Bxa4 1/2-1/2

[Event "4NCL/Div1/WRO1 vs. WGR1"]
[Site "Birmingham ENG"]
[Date "2001.09.22"]
[Round "1.3"]
[White "Kirsanov, Oleg"]
[Black "Emms, John M"]
[Result "0-1"]
[WhiteElo "2365"]
[BlackElo "2532"]
[PlyCount "76"]
[EventDate "2001.09.22"]
[SourceDate "2001.01.01"]

1. d4 Nf6 2. c4 e6 3. Nc3 Bb4 4. Bg5 c5 5. d5 d6 6. e3 Bxc3+ 7. bxc3 Qe7 8. Bd3
Nbd7 9. Ne2 exd5 10. cxd5 Qe5 11. Bxf6 Nxf6 12. Bb5+ Ke7 13. c4 a6 14. Ba4 b5
15. cxb5 Bd7 16. Rb1 axb5 17. Bxb5 Qxd5 18. Qxd5 Nxd5 19. Bc4 Nb4 20. O-O Be6
21. Bxe6 fxe6 22. Nc3 Ra3 23. Rb3 Rha8 24. h3 d5 25. Rd1 Kf6 26. Rd2 Rxb3 27.
axb3 Ra3 28. Rb2 Nd3 29. Rb1 c4 30. Nb5 Rxb3 31. Rxb3 cxb3 32. Kf1 b2 33. Nc3
Nb4 34. Ke2 e5 35. Kd2 d4 36. Nb1 Ke6 37. f4 dxe3+ 38. Kxe3 Nd5+ 0-1

[Event "4NCL/Div1/WRO1 vs. WGR1"]
[Site "Birmingham ENG"]
[Date "2001.09.22"]
[Round "1.4"]
[White "Turner, Matthew J"]
[Black "Gayson, Peter M"]
[Result "1-0"]
[WhiteElo "2511"]
[BlackElo "2282"]
[PlyCount "69"]
[EventDate "2001.09.22"]
[SourceDate "2001.01.01"]

1. e4 c5 2. c3 d5 3. exd5 Qxd5 4. d4 Nc6 5. Nf3 e6 6. Be3 cxd4 7. cxd4 Nf6 8.
a3 Be7 9. Nc3 Qd8 10. Bb5 O-O 11. O-O Bd7 12. Qe2 a6 13. Bd3 Rc8 14. Rad1 Qa5
15. Bb1 Rfd8 16. Bg5 Be8 17. Rfe1 Nd5 18. Ne4 h6 19. Bc1 Qc7 20. Qd3 f5 21. Nc3
Nxc3 22. bxc3 Bf7 23. c4 Bf6 24. d5 Na5 25. Qe2 Qxc4 26. Qxc4 Rxc4 27. dxe6
Bxe6 28. Rxd8+ Bxd8 29. Ba2 Bf7 30. Ne5 b5 31. Bd2 Bc7 32. Nxf7 Kxf7 33. Bxa5
Bxa5 34. Rc1 Ke7 35. Bxc4 1-0

[Event "4NCL/Div1/WRO1 vs. WGR1"]
[Site "Birmingham ENG"]
[Date "2001.09.22"]
[Round "1.5"]
[White "Townsend, M. Paul"]
[Black "Ward, Christopher"]
[Result "0-1"]
[WhiteElo "2238"]
[BlackElo "2493"]
[PlyCount "86"]
[EventDate "2001.09.22"]
[SourceDate "2001.01.01"]

1. d4 Nf6 2. c4 e6 3. Nc3 Bb4 4. e3 b6 5. Nge2 Ne4 6. Qc2 Bb7 7. a3 Bxc3+ 8.
Nxc3 Nxc3 9. Qxc3 Qf6 10. b3 d6 11. Bb2 O-O 12. Qc2 Qh6 13. O-O-O Nd7 14. Kb1
f5 15. f3 Rae8 16. Bc1 Qf6 17. Be2 a5 18. e4 fxe4 19. fxe4 Qg6 20. Bf3 Nf6 21.
Rhe1 e5 22. d5 Bc8 23. Be3 Bg4 24. Bxg4 Qxg4 25. Bg1 Rf7 26. Re3 Ref8 27. Rde1
Nh5 28. Qe2 Qg6 29. g3 Nf6 30. Rc3 Nxe4 31. Qxe4 Qxe4+ 32. Rxe4 Rf1+ 33. Rc1
Rxc1+ 34. Kxc1 Rf1+ 35. Kc2 Rxg1 36. Re2 Rf1 37. b4 axb4 38. axb4 Rf3 39. c5
bxc5 40. bxc5 Ra3 41. Re1 Ra5 42. cxd6 cxd6 43. Rd1 Rc5+ 0-1

[Event "4NCL/Div1/WRO1 vs. WGR1"]
[Site "Birmingham ENG"]
[Date "2001.09.22"]
[Round "1.6"]
[White "Hunt, Harriet"]
[Black "Barrett, Steve J"]
[Result "1-0"]
[WhiteElo "2418"]
[BlackElo "2210"]
[PlyCount "79"]
[EventDate "2001.09.22"]
[SourceDate "2001.01.01"]

1. e4 c5 2. Nf3 e6 3. d4 cxd4 4. Nxd4 Nf6 5. Nc3 d6 6. Be2 Be7 7. O-O Nc6 8.
Kh1 Bd7 9. Nb3 O-O 10. f4 Qc7 11. Bf3 Rfd8 12. g4 Be8 13. g5 Nd7 14. Bg2 Rac8
15. Be3 a6 16. Rf3 b5 17. a3 b4 18. axb4 Nxb4 19. f5 d5 20. exd5 exd5 21. Nd4
Bd6 22. g6 Nf6 23. gxh7+ Kh8 24. Rh3 Bf4 25. Bxf4 Qxf4 26. Nce2 Qe5 27. c3 Ng4
28. Qg1 Nc2 29. Rc1 Nxd4 30. Nxd4 Bd7 31. Re1 Qf4 32. Rf1 Qd6 33. Rg3 Nf6 34.
Bf3 Qf8 35. Qg2 Bb5 36. Rg1 Nxh7 37. Rxg7 Rd6 38. Qh3 Qxg7 39. Rxg7 Kxg7 40.
f6+ 1-0

[Event "4NCL/Div1/WRO1 vs. WGR1"]
[Site "Birmingham ENG"]
[Date "2001.09.22"]
[Round "1.7"]
[White "Burnett, Jim"]
[Black "Martin, Andrew D"]
[Result "0-1"]
[WhiteElo "2209"]
[BlackElo "2449"]
[PlyCount "54"]
[EventDate "2001.09.22"]
[SourceDate "2001.01.01"]

1. d4 g6 2. c4 Bg7 3. Nc3 d6 4. Nf3 Na6 5. g3 c6 6. Bg2 f5 7. O-O Nh6 8. Re1
O-O 9. b3 Nf7 10. e4 e5 11. Bb2 fxe4 12. Nxe4 d5 13. cxd5 cxd5 14. Nc3 e4 15.
Ne5 Nxe5 16. dxe5 Bxe5 17. f3 Nc5 18. fxe4 dxe4 19. Bxe4 Nxe4 20. Qxd8 Rxd8 21.
Rxe4 Bd4+ 22. Kg2 Bf5 23. Ree1 Rac8 24. Rad1 Rd7 25. Rc1 Rdc7 26. Nd5 Rc2+ 27.
Kh1 Bxb2 0-1

[Event "4NCL/Div1/WRO1 vs. WGR1"]
[Site "Birmingham ENG"]
[Date "2001.09.22"]
[Round "1.8"]
[White "Tiller, Bjorn"]
[Black "Keeling, Karen"]
[Result "1-0"]
[WhiteElo "2376"]
[BlackElo "2048"]
[PlyCount "77"]
[EventDate "2001.09.22"]
[SourceDate "2001.01.01"]

1. e4 d5 2. exd5 Qxd5 3. Nc3 Qa5 4. g3 Nf6 5. Bg2 c6 6. Nge2 g6 7. O-O Bg7 8.
Rb1 O-O 9. b4 Qc7 10. a4 Rd8 11. d3 Nbd7 12. Bd2 Nb6 13. b5 Nbd5 14. a5 Be6 15.
Qc1 Qd7 16. bxc6 bxc6 17. Na4 Bh3 18. Nc5 Qg4 19. f3 Qc8 20. Qa3 Bxg2 21. Kxg2
Ne8 22. c4 Ndf6 23. Nb7 Rd7 24. a6 Nd6 25. Qb4 Nfe8 26. Rb3 Nf5 27. Nc5 Rc7 28.
Rfb1 Nd4 29. Nxd4 Bxd4 30. Bc3 Qd8 31. Nb7 Qd7 32. Bxd4 Qxd4 33. Qc5 Qxc5 34.
Nxc5 Nd6 35. Rb8+ Rc8 36. Rxa8 Rxa8 37. Nd7 Rc8 38. Rb7 Kg7 39. Rxa7 1-0

[Event "4NCL/Div1/WGR2 vs. WES"]
[Site "Birmingham ENG"]
[Date "2001.09.22"]
[Round "1.1"]
[White "Littlewood, Paul E"]
[Black "Webb, Richard M"]
[Result "1/2-1/2"]
[WhiteElo "2410"]
[BlackElo "2356"]
[PlyCount "42"]
[EventDate "2001.09.22"]
[SourceDate "2001.01.01"]

1. d4 Nf6 2. c4 g6 3. Nc3 d5 4. Nf3 Bg7 5. Bg5 dxc4 6. e4 Bg4 7. Bxc4 Bxf3 8.
gxf3 O-O 9. Qd2 Nfd7 10. O-O-O Nb6 11. Be2 Nc6 12. d5 Nd4 13. f4 c6 14. dxc6
Qc7 15. e5 Rad8 16. Qe3 Nxe2+ 17. Qxe2 bxc6 18. Bh4 Rxd1+ 19. Rxd1 Rd8 20. Kc2
Rxd1 21. Qxd1 Nd5 1/2-1/2

[Event "4NCL/Div1/WGR2 vs. WES"]
[Site "Birmingham ENG"]
[Date "2001.09.22"]
[Round "1.2"]
[White "Rossiter, Philip J"]
[Black "Levitt, Jonathan P"]
[Result "1/2-1/2"]
[WhiteElo "2363"]
[BlackElo "2415"]
[PlyCount "52"]
[EventDate "2001.09.22"]
[SourceDate "2001.01.01"]

1. e4 e6 2. d4 d5 3. exd5 exd5 4. Nf3 Nf6 5. Bd3 Bg4 6. O-O Be7 7. Nbd2 O-O 8.
c3 c5 9. dxc5 Bxc5 10. Nb3 Bb6 11. Bg5 h6 12. Bh4 g5 13. Bg3 Ne4 14. Bxb8 Rxb8
15. Bc2 Bh5 16. a4 a5 17. Nbd4 Qf6 18. Qd3 Rfe8 19. h3 Rbd8 20. Nh2 Bg6 21. Ng4
Qg7 22. Qb5 Bxd4 23. cxd4 Nd6 24. Qb3 Bxc2 25. Qxc2 h5 26. Ne3 Qxd4 1/2-1/2

[Event "4NCL/Div1/WGR2 vs. WES"]
[Site "Birmingham ENG"]
[Date "2001.09.22"]
[Round "1.3"]
[White "Pein, Malcolm"]
[Black "Poulton, James"]
[Result "1-0"]
[WhiteElo "2424"]
[BlackElo "2414"]
[PlyCount "121"]
[EventDate "2001.09.22"]
[SourceDate "2001.01.01"]

1. Nf3 Nf6 2. c4 g6 3. Nc3 c5 4. g3 Bg7 5. Bg2 O-O 6. O-O Nc6 7. d4 cxd4 8.
Nxd4 Nxd4 9. Qxd4 d6 10. Qd3 a6 11. Rd1 Qc7 12. Bg5 Be6 13. b3 Rab8 14. Rac1
Rfc8 15. c5 Qa5 16. Bd2 dxc5 17. Nd5 Qd8 18. Bf4 Bxd5 19. Bxb8 Rxb8 20. Bxd5
Qa5 21. Qc4 Nxd5 22. Rxd5 b6 23. a4 Bf6 24. Rd7 Qb4 25. Rcd1 Qxc4 26. Rd8+ Kg7
27. bxc4 Rb7 28. R8d7 Rxd7 29. Rxd7 h5 30. Rb7 a5 31. Kg2 e6 32. Kf3 Bc3 33.
Rxb6 Kf6 34. Rb7 Be1 35. Rc7 Bb4 36. Ke4 Ba3 37. Kd3 Bb4 38. f3 Ba3 39. Ra7 Bb4
40. Rb7 Kg7 41. Rc7 Kf6 42. Ke4 Ba3 43. h4 Bb4 44. g4 Kg7 45. Ke5 Bc3+ 46. Ke4
Bb4 47. gxh5 gxh5 48. Ke5 Be1 49. Rxc5 Bxh4 50. Rxa5 Bg3+ 51. Ke4 f5+ 52. Ke3
h4 53. Rb5 h3 54. Rb1 h2 55. Rh1 Kf6 56. a5 Kg5 57. a6 Bb8 58. Kd4 Kh4 59.
Rxh2+ Bxh2 60. a7 Bg1+ 61. e3 1-0

[Event "4NCL/Div1/WGR2 vs. WES"]
[Site "Birmingham ENG"]
[Date "2001.09.22"]
[Round "1.4"]
[White "Corkett, Anthony R"]
[Black "Lee, Graham D"]
[Result "1/2-1/2"]
[WhiteElo "2283"]
[BlackElo "2321"]
[PlyCount "154"]
[EventDate "2001.09.22"]
[SourceDate "2001.01.01"]

1. c4 Nf6 2. g3 e6 3. Bg2 d5 4. Nf3 Be7 5. O-O O-O 6. d3 c5 7. Nc3 Nc6 8. Bg5
h6 9. Bf4 Bd6 10. cxd5 exd5 11. Bxd6 Qxd6 12. d4 c4 13. b3 Bf5 14. bxc4 dxc4
15. d5 Nb4 16. Nd4 Bg6 17. a3 Na6 18. Ndb5 Qb6 19. Qd4 Qxd4 20. Nxd4 Nc5 21. f3
a6 22. a4 Rfd8 23. e4 Rac8 24. Bh3 Rc7 25. Rab1 Nfxe4 26. fxe4 Nxe4 27. Nxe4
Bxe4 28. Rbe1 Bxd5 29. Bf5 c3 30. Bc2 Bc4 31. Rf4 b5 32. axb5 axb5 33. Rfe4 g6
34. Re8+ Rxe8 35. Rxe8+ Kg7 36. Rb8 Rd7 37. Nxb5 Bxb5 38. Rxb5 Rd2 39. Ba4 c2
40. Bxc2 Rxc2 41. Rb6 g5 42. Ra6 h5 43. Rb6 Ra2 44. Rc6 f6 45. Rb6 Ra1+ 46. Kg2
Ra2+ 47. Kg1 Kg6 48. Rb5 Ra4 49. h3 h4 50. g4 Kf7 51. Rb6 Rd4 52. Ra6 Ke7 53.
Kg2 Rd2+ 54. Kg1 Rd6 55. Ra2 Rb6 56. Kg2 Ke6 57. Re2+ Kd5 58. Rd2+ Ke4 59. Re2+
Kd3 60. Kf3 Rd6 61. Ra2 Rc6 62. Ra3+ Kd4 63. Ra4+ Ke5 64. Ra5+ Ke6 65. Ra2 Rc3+
66. Kg2 Kd5 67. Rf2 Rc6 68. Kf3 Kd4 69. Rd2+ Kc3 70. Rf2 Kd3 71. Re2 Rc1 72.
Ra2 Rd1 73. Ra6 Rg1 74. Rd6+ Kc4 75. Kf2 Rg3 76. Rxf6 Rxh3 77. Rf5 Rg3 1/2-1/2

[Event "4NCL/Div1/WGR2 vs. WES"]
[Site "Birmingham ENG"]
[Date "2001.09.22"]
[Round "1.6"]
[White "Yeo, Michael J"]
[Black "Tan, Desmond"]
[Result "1/2-1/2"]
[WhiteElo "2213"]
[BlackElo "2253"]
[PlyCount "67"]
[EventDate "2001.09.22"]
[SourceDate "2001.01.01"]

1. e4 c5 2. Nf3 d6 3. d4 cxd4 4. Nxd4 Nf6 5. Nc3 g6 6. Be3 Bg7 7. f3 O-O 8. Qd2
Nc6 9. Bc4 Bd7 10. h4 Qa5 11. O-O-O Rfc8 12. Bb3 Ne5 13. h5 Rxc3 14. Qxc3 Qxc3
15. bxc3 Nxh5 16. g4 Nf6 17. g5 Nh5 18. Bd5 Rb8 19. Nf5 Bxf5 20. exf5 b6 21.
Rh4 Ng3 22. fxg6 Nxg6 23. Rh2 Be5 24. Bd4 Bf4+ 25. Kb2 e6 26. Bb3 Nf5 27. Rh5
Rc8 28. Bf6 d5 29. Rh3 Nf8 30. Rdh1 Ng3 31. Re1 Nf5 32. Reh1 Ng3 33. Re1 Nf5
34. Reh1 1/2-1/2

[Event "4NCL/Div1/WGR2 vs. WES"]
[Site "Birmingham ENG"]
[Date "2001.09.22"]
[Round "1.7"]
[White "Norris, Alan"]
[Black "Upton, Ian J"]
[Result "1/2-1/2"]
[WhiteElo "2304"]
[BlackElo "2260"]
[PlyCount "60"]
[EventDate "2001.09.22"]
[SourceDate "2001.01.01"]

1. d4 e6 2. c4 f5 3. Nc3 Nf6 4. f3 Bb4 5. Qb3 c5 6. a3 Bxc3+ 7. Qxc3 cxd4 8.
Qxd4 O-O 9. Bg5 Nc6 10. Qd6 Ne4 11. fxe4 Qxg5 12. Nf3 Qe3 13. exf5 Rxf5 14. Qd2
Qxd2+ 15. Kxd2 Ne5 16. e4 Nxf3+ 17. Ke3 Rh5 18. gxf3 Kf7 19. h4 g5 20. Be2 gxh4
21. f4 Rh6 22. e5 b5 23. Bf3 Rb8 24. c5 b4 25. a4 b3 26. Rag1 Bb7 27. Bxb7 Rxb7
28. Rg4 Rb4 29. Rhxh4 Rxh4 30. Rxh4 Kg7 1/2-1/2

[Event "4NCL/Div1/WGR2 vs. WES"]
[Site "Birmingham ENG"]
[Date "2001.09.22"]
[Round "1.8"]
[White "Kosten-Forintos, G."]
[Black "Jackson, Sheila A"]
[Result "0-1"]
[WhiteElo "1800"]
[BlackElo "2185"]
[PlyCount "118"]
[EventDate "2001.09.22"]
[SourceDate "2001.01.01"]

1. d4 Nf6 2. Nf3 e6 3. Bg5 c5 4. e3 b6 5. d5 h6 6. dxe6 dxe6 7. Qxd8+ Kxd8 8.
Bh4 Nc6 9. Nc3 Bb7 10. O-O-O+ Kc8 11. Bb5 Be7 12. e4 g5 13. Bg3 a6 14. Bxc6
Bxc6 15. Ne5 Be8 16. Nc4 Kb7 17. Nd6+ Kc6 18. e5 Nd5 19. Nxd5 exd5 20. Nf5 Bf8
21. Rhe1 Bd7 22. Ne3 Be6 23. c3 Rd8 24. b3 Be7 25. f3 h5 26. Rd2 Rd7 27. Red1
b5 28. Bf2 f6 29. exf6 Bxf6 30. c4 bxc4 31. bxc4 d4 32. Nd5 Bxd5 33. cxd5+ Rxd5
34. Re2 Re5 35. Rc2 Rd5 36. Re2 Be5 37. Bg3 Bxg3 38. hxg3 h4 39. Re6+ Kb5 40.
Rh1 a5 41. Kd2 c4 42. a4+ Kc5 43. Rb1 Rd6 44. Re5+ Kc6 45. Rxa5 h3 46. Ra6+ Kd7
47. Ra7+ Ke6 48. Re1+ Kf6 49. gxh3 Rxh3 50. Rg1 Rh2+ 51. Kc1 c3 52. Rc7 Ra2 53.
Rd1 Rxa4 54. Kc2 Ra2+ 55. Kd3 Rf2 56. Ke4 Re2+ 57. Kd3 Re3+ 58. Kc4 c2 59. Rxd4
c1=Q+ 0-1

[Event "4NCL/Div1/BGR1 vs. BGR2"]
[Site "Birmingham ENG"]
[Date "2001.09.22"]
[Round "1.1"]
[White "Adams, Michael"]
[Black "Hennigan, Michael T"]
[Result "1-0"]
[WhiteElo "2744"]
[BlackElo "2451"]
[PlyCount "33"]
[EventDate "2001.09.22"]
[SourceDate "2001.01.01"]

1. e4 c5 2. Nf3 Nc6 3. Bb5 e6 4. O-O Nge7 5. c3 a6 6. Ba4 d5 7. exd5 exd5 8. d4
c4 9. Re1 h6 10. Bxc6+ bxc6 11. b3 cxb3 12. axb3 Be6 13. Ne5 Qb6 14. Nd2 g6 15.
Ba3 Bg7 16. Qe2 Qb7 17. Nxf7 1-0

[Event "4NCL/Div1/BGR1 vs. BGR2"]
[Site "Birmingham ENG"]
[Date "2001.09.22"]
[Round "1.2"]
[White "McDonald, Neil R"]
[Black "Nunn, John D.M"]
[Result "0-1"]
[WhiteElo "2406"]
[BlackElo "2584"]
[PlyCount "80"]
[EventDate "2001.09.22"]
[SourceDate "2001.01.01"]

1. f4 d5 2. Nf3 g6 3. g3 Bg7 4. Bg2 Nf6 5. O-O O-O 6. d3 Nc6 7. Qe1 d4 8. c4 e5
9. fxe5 Ng4 10. Bf4 h6 11. h3 Ngxe5 12. Nxe5 Nxe5 13. g4 c6 14. Nd2 f5 15. Qg3
Qe7 16. gxf5 Bxf5 17. Nf3 Nxf3+ 18. Bxf3 Rae8 19. Rf2 Qe6 20. h4 Kh7 21. Kh1
Be5 22. Bxe5 Qxe5 23. Qxe5 Rxe5 24. Kg2 Rfe8 25. Raf1 Re3 26. b4 h5 27. a4 Kh6
28. Kg1 Bh3 29. Rb1 Bg4 30. Bxg4 hxg4 31. Rf7 R8e7 32. Rxe7 Rxe7 33. Kf2 Kh5
34. b5 c5 35. b6 a6 36. a5 Re3 37. Rg1 Kxh4 38. Rh1+ Rh3 39. Rf1 Rh2+ 40. Ke1
g3 0-1

[Event "4NCL/Div1/BGR1 vs. BGR2"]
[Site "Birmingham ENG"]
[Date "2001.09.22"]
[Round "1.3"]
[White "Gallagher, Joseph G"]
[Black "Cooper, Lawrence"]
[Result "1-0"]
[WhiteElo "2516"]
[BlackElo "2352"]
[PlyCount "53"]
[EventDate "2001.09.22"]
[SourceDate "2001.01.01"]

1. e4 e5 2. Nf3 Nc6 3. Nc3 Nf6 4. Bb5 Bd6 5. O-O O-O 6. d3 h6 7. Ne2 Re8 8. Ng3
a6 9. Bxc6 dxc6 10. b3 Be6 11. Bb2 Nd7 12. d4 exd4 13. Nxd4 Qh4 14. f4 g6 15.
Qd2 Rad8 16. Kh1 f6 17. Rae1 g5 18. e5 fxe5 19. Ndf5 Bxf5 20. Nxf5 Qh5 21. fxg5
hxg5 22. Nxd6 cxd6 23. Rf5 Qh6 24. Rxg5+ Kh7 25. Qd3+ Kh8 26. Rg3 Nc5 27. Qe2
1-0

[Event "4NCL/Div1/BGR1 vs. BGR2"]
[Site "Birmingham ENG"]
[Date "2001.09.22"]
[Round "1.4"]
[White "Mortazavi, Ali"]
[Black "Chandler, Murray G"]
[Result "1/2-1/2"]
[WhiteElo "2361"]
[BlackElo "2540"]
[PlyCount "67"]
[EventDate "2001.09.22"]
[SourceDate "2001.01.01"]

1. e4 e5 2. Bc4 Nf6 3. d3 Nc6 4. Nf3 Be7 5. O-O O-O 6. Re1 d6 7. c3 Na5 8. Bb5
a6 9. Ba4 b5 10. Bc2 c5 11. Nbd2 Re8 12. Nf1 Bb7 13. a3 h6 14. Ng3 Bf8 15. b4
cxb4 16. cxb4 Nc6 17. d4 exd4 18. Nxd4 Nxd4 19. Qxd4 Rc8 20. Bb3 Nd7 21. Bb2
Ne5 22. Rac1 Qg5 23. Rxc8 Bxc8 24. Rf1 Qf4 25. Ne2 Qh4 26. f4 Nc4 27. Bxc4 bxc4
28. Qxc4 Bb7 29. Nc3 Qg4 30. Qd3 Qe6 31. Re1 f5 32. e5 dxe5 33. fxe5 Qc6 34.
Qf1 1/2-1/2

[Event "4NCL/Div1/BGR1 vs. BGR2"]
[Site "Birmingham ENG"]
[Date "2001.09.22"]
[Round "1.5"]
[White "Hebden, Mark L"]
[Black "Richardson, John R"]
[Result "1-0"]
[WhiteElo "2550"]
[BlackElo "2330"]
[PlyCount "133"]
[EventDate "2001.09.22"]
[SourceDate "2001.01.01"]

1. d4 f5 2. g3 Nf6 3. Bg2 e6 4. Nf3 Be7 5. O-O O-O 6. c4 d5 7. Nbd2 c6 8. b3
Ne4 9. Bb2 Nd7 10. Qc2 Qe8 11. Ne1 Qh5 12. Ndf3 Ndf6 13. Nd3 Bd7 14. Nfe5 Rad8
15. f3 Nd6 16. Rae1 Bc8 17. Qc1 Nf7 18. Nxf7 Rxf7 19. e3 Bd6 20. Ba3 Bb8 21.
Ne5 Rc7 22. Qb2 g5 23. g4 Qe8 24. f4 Rg7 25. gxf5 exf5 26. cxd5 cxd5 27. fxg5
Rxg5 28. Kh1 Kh8 29. Bf3 Qe6 30. Qf2 Rdg8 31. Bb2 Qe7 32. Qh4 Be6 33. Qh6 Ng4
34. Bxg4 fxg4 35. Ba3 Qxa3 36. Rf7 R8g7 37. Rxg7 Rxg7 38. Qxe6 Qf8 39. Rc1 Bc7
40. Qxd5 g3 41. Qf3 Qg8 42. hxg3 Bxe5 43. dxe5 Rf7 44. Qh5 Rf8 45. Qh3 Qd5+ 46.
Qg2 Qxe5 47. Rf1 Rg8 48. Rf4 Re8 49. Qf2 Kg7 50. Kh2 Qh5+ 51. Kg2 Qd5+ 52. Qf3
Qxf3+ 53. Kxf3 Rc8 54. Rd4 Rc7 55. Rd6 Kf8 56. e4 Ke7 57. Rh6 Kd8 58. e5 Kc8
59. e6 Rg7 60. Kf4 Kd8 61. g4 Ke7 62. Kf5 Kd6 63. g5 Re7 64. a4 a5 65. Rh1 Rxe6
66. Rxh7 b6 67. Rh6 1-0

[Event "4NCL/Div1/BGR1 vs. BGR2"]
[Site "Birmingham ENG"]
[Date "2001.09.22"]
[Round "1.6"]
[White "Anderton, David W"]
[Black "McShane, Luke J"]
[Result "1/2-1/2"]
[WhiteElo "2227"]
[BlackElo "2511"]
[PlyCount "122"]
[EventDate "2001.09.22"]
[SourceDate "2001.01.01"]

1. d4 Nf6 2. c4 g6 3. g3 Bg7 4. Bg2 O-O 5. Nc3 d6 6. Nf3 Nc6 7. O-O Rb8 8. h3
a6 9. e4 e5 10. Be3 exd4 11. Nxd4 Bd7 12. Nxc6 Bxc6 13. Qc2 Re8 14. Rad1 Qc8
15. Rfe1 Bd7 16. Kh2 b5 17. cxb5 axb5 18. b3 b4 19. Nd5 Nxd5 20. Rxd5 Be6 21.
Rdd1 Rb5 22. h4 Ra5 23. Bd4 Bxd4 24. Rxd4 Qb8 25. Re2 Qb6 26. Rdd2 Rea8 27. Qc1
Bg4 28. f3 Be6 29. Rc2 R8a7 30. Bh3 Bxh3 31. Kxh3 Qb5 32. Qd2 Qb6 33. Kg2 Rc5
34. Rxc5 Qxc5 35. Qb2 h5 36. e5 dxe5 37. Rxe5 Qc6 38. Qe2 Ra8 39. Re4 Rb8 40.
Qc4 Qd6 41. Rd4 Qf6 42. Qxc7 Ra8 43. Rd2 Re8 44. Qc5 Qa1 45. Qxb4 Re1 46. Qc5
Qb1 47. Qf2 Rc1 48. Rb2 Qd3 49. a4 Qd1 50. g4 Qh1+ 51. Kg3 Rg1+ 52. Kf4 hxg4
53. Qe3 gxf3 54. Qe8+ Kg7 55. Qe5+ Kg8 56. Qe8+ Kg7 57. Qe5+ Kh7 58. Qe7 g5+
59. Kf5 Qh3+ 60. Kf6 gxh4 61. Qxf7+ Kh8 1/2-1/2

[Event "4NCL/Div1/BGR1 vs. BGR2"]
[Site "Birmingham ENG"]
[Date "2001.09.22"]
[Round "1.7"]
[White "Summerscale, Aaron"]
[Black "Lyell, Mark"]
[Result "1-0"]
[WhiteElo "2510"]
[BlackElo "2219"]
[PlyCount "66"]
[EventDate "2001.09.22"]
[SourceDate "2001.01.01"]

1. c4 f5 2. g3 g6 3. Bg2 Bg7 4. Nc3 Nf6 5. d3 O-O 6. e4 fxe4 7. dxe4 Nc6 8.
Nge2 d6 9. O-O Bg4 10. f3 Be6 11. b3 Qe8 12. Be3 a6 13. Rc1 Rd8 14. Nd5 Rd7 15.
Qd2 Kh8 16. g4 Bg8 17. g5 Nh5 18. f4 e6 19. Ndc3 Rdf7 20. Ng3 Nxg3 21. hxg3 h6
22. gxh6 Bxh6 23. c5 Rd7 24. cxd6 Rxd6 25. Qe1 Bg7 26. e5 Rd8 27. Ne4 Rf7 28.
g4 Bf8 29. Ng5 Rg7 30. Rf3 Ba3 31. Rh3+ Bh7 32. Rc2 Nb4 33. Nxh7 Nxc2 1-0

[Event "4NCL/Div1/BGR1 vs. BGR2"]
[Site "Birmingham ENG"]
[Date "2001.09.22"]
[Round "1.8"]
[White "Richards, Heather S"]
[Black "Sheldon, Ruth"]
[Result "1-0"]
[WhiteElo "2230"]
[BlackElo "2301"]
[PlyCount "85"]
[EventDate "2001.09.22"]
[SourceDate "2001.01.01"]

1. e4 c5 2. c3 Nf6 3. e5 Nd5 4. Nf3 e6 5. d4 cxd4 6. cxd4 b6 7. Nc3 Nxc3 8.
bxc3 Qc7 9. Bd2 d6 10. Bd3 Bb7 11. O-O dxe5 12. Nxe5 Nc6 13. f4 g6 14. Qg4 f5
15. Qe2 Nxe5 16. fxe5 Ba3 17. Bc4 Qd7 18. Rad1 O-O 19. Bb3 Rac8 20. Be1 b5 21.
Rd3 Be4 22. Rh3 a5 23. Qe3 a4 24. Bd1 Bb2 25. Rf4 Rc7 26. Rfh4 Qc6 27. Qg5 b4
28. Bh5 Rg7 29. Rg3 bxc3 30. Bxg6 hxg6 31. Rgh3 Kf7 32. Rh8 Ba3 33. Qf6+ Ke8
34. Qxg7 Qd7 35. Rxf8+ Bxf8 36. Qxd7+ Kxd7 37. Bxc3 g5 38. Rh7+ Kc6 39. Ra7 Bc2
40. Bd2 Kd5 41. Rd7+ Kc4 42. Bxg5 Kc3 43. Bc1 1-0

[Event "4NCL/Div1/GUI1 vs. BGR1"]
[Site "Birmingham ENG"]
[Date "2001.09.23"]
[Round "2.2"]
[White "Nunn, John D.M"]
[Black "Kosten, Anthony C"]
[Result "1/2-1/2"]
[WhiteElo "2584"]
[BlackElo "2542"]
[PlyCount "37"]
[EventDate "2001.09.23"]
[SourceDate "2001.01.01"]

1. e4 e6 2. d4 d5 3. Nc3 Nf6 4. e5 Nfd7 5. f4 c5 6. Nf3 Nc6 7. Be3 cxd4 8. Nxd4
Bc5 9. Qd2 O-O 10. g3 a6 11. Bg2 Nxd4 12. Bxd4 b5 13. Bxc5 Nxc5 14. Qd4 Qb6 15.
O-O b4 16. Nd1 a5 17. Ne3 Ba6 18. Rfd1 Rab8 19. a3 1/2-1/2